000
00232nam a2200109Ia 4500
999
_c
7634
_d
7634
020
_a
978-0321393616
100
_a
Neil A.Weiss
245
0
_a
Introductory Statistics
260
_a
India
_b
Addision
_c
2012
300
_a
600
942
_c
BK